Oceanic countries by size - Statistics

General Stats
  • This quiz has been taken 20 times
  • The average score is 13 of 14
Answers on the Map
Answers color-coded by a green-red scale on the quiz's map according to % correct below.
 
Answer Stats
Size (km^2) Answer % Correct
26 Tuvalu
100%
7692024 Australia
95%
18272 Fiji
95%
726 Kiribati
95%
21 Nauru
95%
268107 New Zealand
95%
462840 Papua New Guinea
95%
28896 Solomon Islands
95%
702 F.S. Micronesia
89%
181 Marshall Islands
89%
459 Palau
89%
2842 Samoa
89%
747 Tonga
89%
12189 Vanuatu
89%
No matching quizzes found
Score Distribution
Percent of People with Each Score
Percentile by Number Answered
Your Score History
You have not taken this quiz